000 00890nam a22002657a 4500
001 BR7324076
003 BR-BrBNA
005 20230928084339.0
007 ta
008 230509b bl.||||| |||| 00| 0 por d
040 _aBR-BrBNA
_bpor
_cBiblioteca Nacional de Agricultura
041 _a(Por)
072 _aF00
_b0430
090 _ 0430 BR7324076
100 1 _aAlves, J.F.
110 1 _aEscola Superior de Agricultura Luiz de Queiroz, Piracicaba, SP (Brasil)
_0Tese (Magister Scientiae)
245 1 _aEfeitos do emprego da rocagem e da consorciacao em cultura de algodao moco (Gossypium hirsutum var. marie-galante Hutch)
260 3 _aPiracicaba, SP (Brasil):
_c1972.
300 _a70 p.
500 _a40 tables; 14 ref.; Summaries (Eng, Por); Microficha
650 _aAlgodao moco
650 _aConsorciacao de cultura
909 _a202309
_bLucia
_c55
_dLucia Elande
942 _cBK
999 _c18324
_d18324